| 000 | 00698nam a2200169 a 4500 | ||
|---|---|---|---|
| 008 | 100614s2005 ||||||||||||||||| || u | ||
| 050 | _aIBRD(08) | ||
| 100 | _aEstache, Antonio | ||
| 245 | 1 | 0 |
_aHow widespread were private investment nad regulatory reform in infrastructure utilities during the 1990s? _cby Antonio Estache; Ana Goicoechea |
| 260 |
_aWashington, D. C. _bWorld Bank _c2005 |
||
| 300 | _a24p. | ||
| 350 | _a0.00 | ||
| 490 | _aPolicy Research Working Paper | ||
| 650 | _aINVESTMENTS | ||
| 700 | _aGoicoechea, Ana | ||
| 995 |
_D0.00 _FCBU-MAIN LIBRARY (Kitwe) _H1 _I0.00 _M1 _UAVAILABLE _WJun 14, 2010 _ZInternational Publications |
||
| 999 |
_c45865 _d45865 |
||